[Event "TN Mestres 2024-25"]
[Site "Pombal"]
[Date "2024.12.21"]
[Round "5.8"]
[White "Martins, Diogo"]
[Black "Gaboleiro, Guilherme"]
[Result "1/2-1/2"]
[LiveChessVersion "1.4.8"]
[BlackElo "1837"]
[WhiteElo "1961"]

1. e4 {[%clk 1:30:58]} e5 {[%clk 1:08:54]} 2. Nf3 {[%clk 1:29:49]} Nf6
{[%clk 1:09:15]} 3. Nxe5 {[%clk 1:29:09]} d6 {[%clk 1:09:38]} 4. Nf3
{[%clk 1:29:29]} Nxe4 {[%clk 1:10:03]} 5. d3 {[%clk 1:29:50]} Nf6
{[%clk 1:10:25]} 6. d4 {[%clk 1:30:11]} d5 {[%clk 1:09:52]} 7. Bd3
{[%clk 1:29:47]} Bd6 {[%clk 1:10:14]} 8. O-O {[%clk 1:30:09]} O-O
{[%clk 1:10:39]} 9. h3 {[%clk 1:29:44]} b6 {[%clk 1:08:15]} 10. c4
{[%clk 1:28:01]} dxc4 {[%clk 1:07:39]} 11. Bxc4 {[%clk 1:28:23]} Ba6
{[%clk 1:07:55]} 12. b3 {[%clk 1:26:45]} Bb7 {[%clk 1:05:41]} 13. Bb2
{[%clk 1:25:34]} Nbd7 {[%clk 1:04:12]} 14. Nc3 {[%clk 1:22:58]} a6
{[%clk 1:04:19]} 15. Re1 {[%clk 1:20:30]} Re8 {[%clk 0:46:11]} 16. Rxe8+
{[%clk 1:13:07]} Nxe8 {[%clk 0:46:23]} 17. Qe2 {[%clk 1:09:12]} Qe7
{[%clk 0:38:34]} 18. Qxe7 {[%clk 1:09:12]} Bxe7 {[%clk 0:38:34]} 19. Re1
{[%clk 1:09:12]} Bf8 {[%clk 0:38:34]} 20. Ne5 {[%clk 0:59:23]} Nxe5
{[%clk 0:36:58]} 21. dxe5 {[%clk 0:59:43]} b5 {[%clk 0:36:11]} 22. Bf1
{[%clk 0:56:52]} Rd8 {[%clk 0:35:32]} 23. Ne4 {[%clk 0:57:07]} h6
{[%clk 0:31:42]} 24. a3 {[%clk 0:52:25]} Bxe4 25. Rxe4 {[%clk 0:52:47]} Rd2
{[%clk 0:30:03]} 26. Re2 {[%clk 0:52:31]} Rxe2 {[%clk 0:23:16]} 27. Bxe2
{[%clk 0:52:55]} c6 {[%clk 0:23:43]} 28. Bf3 {[%clk 0:48:35]} c5 {[%clk 0:23:22]}
29. Bb7 {[%clk 0:47:22]} Nc7 {[%clk 0:23:29]} 30. f4 {[%clk 0:46:55]} a5
{[%clk 0:19:53]} 31. f5 {[%clk 0:43:52]} c4 {[%clk 0:15:58]} 32. bxc4
{[%clk 0:40:24]} Bc5+ {[%clk 0:16:02]} 33. Kf1 {[%clk 0:40:42]} bxc4
{[%clk 0:16:20]} 34. a4 {[%clk 0:40:56]} Bb4 {[%clk 0:15:01]} 35. Ke2
{[%clk 0:39:09]} h5 {[%clk 0:13:26]} 36. g4 {[%clk 0:38:39]} hxg4
{[%clk 0:13:39]} 37. hxg4 {[%clk 0:39:06]} Kf8 {[%clk 0:11:08]} 38. Bd4
{[%clk 0:38:27]} Ke7 {[%clk 0:10:24]} 39. Bb6 {[%clk 0:37:41]} Ne8
{[%clk 0:10:11]} 40. Bd5 {[%clk 0:33:16]} f6 {[%clk 0:10:07]} 41. Bd4
{[%clk 0:28:18]} fxe5 {[%clk 0:09:01]} 42. Bxe5 {[%clk 0:28:42]} Nf6
{[%clk 0:08:36]} 43. Bxc4 {[%clk 0:22:00]} Nxg4 {[%clk 0:08:40]} 44. Bxg7
{[%clk 0:22:19]} Nf6 {[%clk 0:08:59]} 45. Be6 {[%clk 0:19:43]} Ne4
{[%clk 0:07:13]} 46. Ke3 {[%clk 0:15:01]} Nc5 {[%clk 0:06:35]} 47. Bc4
{[%clk 0:12:03]} Nxa4 {[%clk 0:05:35]} 48. f6+ {[%clk 0:12:31]} Kd8
{[%clk 0:05:52]} 49. f7 {[%clk 0:12:36]} Nb6 {[%clk 0:06:18]} 50. Bf6+
{[%clk 0:09:58]} Kc7 {[%clk 0:06:22]} 51. Be5+ {[%clk 0:08:59]} Kd8
{[%clk 0:06:38]} 52. Bf6+ {[%clk 0:08:16]} Kc7 {[%clk 0:07:00]} 53. Be6
{[%clk 0:08:06]} Nd7 54. Bd4 {[%clk 0:08:28]} Nf8 {[%clk 0:06:17]} 55. Bc4
{[%clk 0:08:23]} Kd7 {[%clk 0:05:23]} 56. Bf6 {[%clk 0:07:14]} Be7
{[%clk 0:05:03]} 57. Bb2 {[%clk 0:06:57]} Bb4 {[%clk 0:05:12]} 58. Ke4
{[%clk 0:07:00]} Ke7 {[%clk 0:05:22]} 59. Kf5 {[%clk 0:07:17]} Nd7
{[%clk 0:04:00]} 60. Be6 {[%clk 0:07:04]} Nf8 {[%clk 0:04:12]} 61. Bf6+
{[%clk 0:07:12]} Kd6 {[%clk 0:04:19]} 62. Bb3 {[%clk 0:06:54]} Nd7
{[%clk 0:03:21]} 63. Bg7 {[%clk 0:06:20]} Kc7 {[%clk 0:03:25]} 64. Ba4
{[%clk 0:05:59]} Bf8 {[%clk 0:03:24]} 65. Bc3 {[%clk 0:05:07]} Nc5
{[%clk 0:02:24]} 66. Bxa5+ {[%clk 0:05:30]} Kc8 {[%clk 0:02:17]} 67. Bc6
{[%clk 0:04:11]} Nd7 {[%clk 0:02:07]} 68. Bd5 {[%clk 0:04:05]} Nb8
{[%clk 0:01:26]} 69. Ke6 {[%clk 0:03:38]} Na6 {[%clk 0:01:36]} 70. Kf6
{[%clk 0:02:12]} Nc7 {[%clk 0:00:49]} 71. Bc6 {[%clk 0:02:33]} Na6
{[%clk 0:01:06]} 72. Bf3 {[%clk 0:02:22]} Nc5 {[%clk 0:01:14]} 73. Bg4+
{[%clk 0:02:42]} Kb7 {[%clk 0:01:34]} 74. Bd8 {[%clk 0:02:44]} Ne4+
{[%clk 0:01:45]} 75. Ke5 {[%clk 0:01:57]} Nd6 {[%clk 0:01:59]} 76. Ke6
{[%clk 0:02:06]} Nxf7 {[%clk 0:02:11]} 77. Kxf7 {[%clk 0:02:31]} Bc5
{[%clk 0:02:37]} 78. Bf3+ {[%clk 0:02:53]} Ka6 {[%clk 0:03:16]} 79. Ke6
{[%clk 0:05:10]} Be3 {[%clk 0:03:32]} 80. Bc6 {[%clk 0:05:26]} Bd4
{[%clk 0:03:43]} 81. Kd5 {[%clk 0:05:42]} Bb6 {[%clk 0:03:31]} 82. Bf6
{[%clk 0:05:58]} Be3 {[%clk 0:03:49]} 83. Be5 {[%clk 0:06:18]} Bf2
{[%clk 0:04:06]} 84. Bc3 {[%clk 0:06:30]} Be3 {[%clk 0:04:24]} 85. Ba4
{[%clk 0:06:51]} Bf2 {[%clk 0:04:44]} 86. Bd1 {[%clk 0:07:14]} Be3
{[%clk 0:05:01]} 87. Kc6 {[%clk 0:07:38]} Bf2 {[%clk 0:05:07]} 88. Be2+
{[%clk 0:08:04]} Ka7 {[%clk 0:05:22]} 89. Ba5 {[%clk 0:08:06]} Be3
{[%clk 0:05:37]} 90. Bc7 {[%clk 0:08:29]} Bf2 {[%clk 0:05:30]} 91. Bg4
{[%clk 0:08:55]} Be3 {[%clk 0:05:34]} 92. Bc8 {[%clk 0:09:23]} Bf2
{[%clk 0:05:54]} 93. Bb7 {[%clk 0:09:46]} Be3 {[%clk 0:06:09]} 94. Be5
{[%clk 0:10:11]} Bf2 {[%clk 0:06:22]} 95. Bc3 {[%clk 0:09:48]} Be3
{[%clk 0:06:40]} 96. Ba5 {[%clk 0:10:16]} Bf2 {[%clk 0:06:57]} 97. Kc7
{[%clk 0:10:36]} Be3 {[%clk 0:07:05]} 98. Kc8 {[%clk 0:10:23]} Bf2
{[%clk 0:04:44]} 99. Bc7 {[%clk 0:10:41]} Be3 {[%clk 0:04:57]} 100. Bg2
{[%clk 0:10:40]} Bf2 {[%clk 0:05:10]} 101. Bb8+ {[%clk 0:10:52]} Kb6
{[%clk 0:05:20]} 102. Bf1 {[%clk 0:11:18]} Be3 {[%clk 0:05:38]} 103. Be5
{[%clk 0:11:43]} Bf2 {[%clk 0:05:59]} 104. Kb8 {[%clk 0:12:06]} Be3
{[%clk 0:06:03]} 105. Bg2 {[%clk 0:12:32]} Bf2 {[%clk 0:06:25]} 106. Bc7+
{[%clk 0:13:00]} Kc5 {[%clk 0:06:35]} 107. Kb7 {[%clk 0:13:28]} Kc4
{[%clk 0:06:45]} 108. Bf1+ {[%clk 0:13:47]} Kd5 {[%clk 0:06:56]} 109. Bg2+
{[%clk 0:14:12]} Kc4 {[%clk 0:07:19]} 110. Kc6 {[%clk 0:14:39]} Ba7
{[%clk 0:07:35]} 111. Be5 {[%clk 0:14:58]} Bf2 {[%clk 0:07:42]} 112. Bf1+
{[%clk 0:15:25]} Kb4 {[%clk 0:07:47]} 113. Bc7 {[%clk 0:15:29]} Bd4
{[%clk 0:07:46]} 114. Kd5 {[%clk 0:15:55]} Bg7 {[%clk 0:07:59]} 115. Bd6+
{[%clk 0:16:15]} Kc3 {[%clk 0:08:16]} 116. Bc4 {[%clk 0:16:09]} Bf6
{[%clk 0:08:23]} 117. Bc7 {[%clk 0:16:30]} Kb4 {[%clk 0:08:05]} 118. Bd8
{[%clk 0:16:51]} Bxd8 {[%clk 0:06:56]} 1/2-1/2

[Event "TN Mestres 2024-25"]
[Site "Pombal"]
[Date "2024.12.21"]
[Round "5.9"]
[White "Ermida, Ricardo"]
[Black "Dias, Carlos Oliveira"]
[Result "1-0"]
[LiveChessVersion "1.4.8"]
[BlackElo "1870"]
[WhiteElo "1858"]

1. e4 {[%clk 1:30:50]} g6 {[%clk 1:30:49]} 2. d4 {[%clk 1:31:12]} Bg7
{[%clk 1:31:09]} 3. Nc3 {[%clk 1:31:31]} d6 {[%clk 1:31:34]} 4. Be3
{[%clk 1:31:25]} Nd7 {[%clk 1:31:39]} 5. Nf3 {[%clk 1:30:55]} Ngf6
{[%clk 1:31:55]} 6. h3 {[%clk 1:29:21]} O-O {[%clk 1:31:53]} 7. Qd2
{[%clk 1:22:58]} c6 {[%clk 1:31:53]} 8. Bd3 {[%clk 1:22:13]} b5 {[%clk 1:27:56]}
9. O-O {[%clk 1:22:12]} Bb7 {[%clk 1:27:50]} 10. Ne2 {[%clk 1:20:29]} a6
{[%clk 1:25:24]} 11. Ng3 {[%clk 1:19:41]} c5 {[%clk 1:21:20]} 12. c3
{[%clk 1:18:01]} c4 {[%clk 1:19:38]} 13. Bc2 {[%clk 1:18:05]} Ne8
{[%clk 1:14:23]} 14. Rad1 {[%clk 1:14:18]} Nc7 {[%clk 1:12:57]} 15. Bh6
{[%clk 1:13:10]} e6 {[%clk 1:07:36]} 16. h4 {[%clk 1:07:52]} Ne8 {[%clk 0:59:32]}
17. h5 {[%clk 1:04:36]} Ndf6 {[%clk 0:54:53]} 18. Bg5 {[%clk 1:01:44]} Qc7
{[%clk 0:52:49]} 19. hxg6 {[%clk 0:59:56]} fxg6 {[%clk 0:52:16]} 20. Bh6
{[%clk 0:54:41]} Ng4 {[%clk 0:50:04]} 21. Bxg7 {[%clk 0:52:22]} Nxg7
{[%clk 0:49:38]} 22. Qg5 {[%clk 0:51:39]} Nf6 {[%clk 0:47:21]} 23. Rfe1
{[%clk 0:51:45]} Qf7 {[%clk 0:43:46]} 24. b3 {[%clk 0:47:35]} Rae8
{[%clk 0:40:02]} 25. bxc4 {[%clk 0:47:37]} bxc4 {[%clk 0:39:46]} 26. Rb1
{[%clk 0:47:56]} Re7 {[%clk 0:39:37]} 27. Rb6 {[%clk 0:47:05]} Nfe8
{[%clk 0:38:06]} 28. Reb1 {[%clk 0:46:24]} Rd7 {[%clk 0:35:14]} 29. Ba4
{[%clk 0:42:04]} Rc7 {[%clk 0:34:53]} 30. R1b2 {[%clk 0:41:06]} Nf6
{[%clk 0:24:00]} 31. Bc2 {[%clk 0:41:03]} Nfe8 {[%clk 0:24:10]} 32. Bb1
{[%clk 0:41:17]} Bc8 {[%clk 0:23:49]} 33. e5 {[%clk 0:34:09]} d5 {[%clk 0:23:15]}
34. Bc2 {[%clk 0:26:46]} Rb7 {[%clk 0:21:28]} 35. Rxb7 {[%clk 0:22:11]} Bxb7
{[%clk 0:21:51]} 36. Qd8 {[%clk 0:22:27]} Qf4 {[%clk 0:19:40]} 37. Ne2
{[%clk 0:20:32]} Qg4 {[%clk 0:19:39]} 38. Ng3 {[%clk 0:18:57]} Qf4
{[%clk 0:19:22]} 39. Qg5 {[%clk 0:18:47]} Qf7 {[%clk 0:19:06]} 40. Qe3
{[%clk 0:17:54]} Bc6 {[%clk 0:15:46]} 41. Qh6 {[%clk 0:16:44]} Nf5
{[%clk 0:14:35]} 42. Bxf5 {[%clk 0:16:28]} gxf5 {[%clk 0:14:44]} 43. Ng5
{[%clk 0:16:21]} Qg7 {[%clk 0:14:06]} 44. Qxg7+ {[%clk 0:16:30]} Nxg7
{[%clk 0:14:34]} 45. Rb6 {[%clk 0:15:46]} f4 {[%clk 0:12:36]} 46. Rxc6
{[%clk 0:15:19]} fxg3 {[%clk 0:12:32]} 47. fxg3 {[%clk 0:11:56]} Rb8
{[%clk 0:12:22]} 48. Rxa6 {[%clk 0:10:08]} Nf5 {[%clk 0:11:40]} 49. Nxe6
{[%clk 0:08:39]} Nxg3 {[%clk 0:10:54]} 50. Ra3 {[%clk 0:07:47]} h5
{[%clk 0:10:53]} 51. Kf2 {[%clk 0:07:08]} h4 {[%clk 0:10:37]} 52. Kf3
{[%clk 0:07:24]} Rb2 {[%clk 0:09:17]} 53. Nf4 {[%clk 0:07:10]} 1-0

[Event "TN Mestres 2024-25"]
[Site "Pombal"]
[Date "2024.12.21"]
[Round "5.10"]
[White "Bras, Hugo"]
[Black "Barrento, Jorge"]
[Result "1-0"]
[LiveChessVersion "1.4.8"]
[BlackElo "1790"]
[WhiteElo "1863"]

1. e4 {[%clk 1:21:26]} d5 {[%clk 1:28:43]} 2. exd5 {[%clk 1:21:49]} Qxd5
{[%clk 1:29:08]} 3. Nc3 {[%clk 1:22:08]} Qd6 {[%clk 1:29:30]} 4. d4
{[%clk 1:22:23]} Nf6 {[%clk 1:29:56]} 5. Nf3 {[%clk 1:22:19]} a6 {[%clk 1:30:01]}
6. g3 {[%clk 1:22:43]} g6 {[%clk 1:30:02]} 7. Bg2 {[%clk 1:23:00]} Bg7
{[%clk 1:30:28]} 8. O-O {[%clk 1:22:36]} O-O {[%clk 1:30:17]} 9. Ne5
{[%clk 1:22:23]} c5 {[%clk 1:24:11]} 10. Nc4 {[%clk 1:21:27]} Qxd4
{[%clk 1:23:15]} 11. Nb6 {[%clk 1:21:11]} Qxd1 {[%clk 1:20:05]} 12. Rxd1
{[%clk 1:21:00]} Ra7 {[%clk 1:19:04]} 13. Nca4 {[%clk 1:15:38]} Nfd7
{[%clk 1:16:20]} 14. c3 {[%clk 1:09:50]} a5 {[%clk 1:07:24]} 15. Be3
{[%clk 1:09:20]} Nxb6 {[%clk 1:07:45]} 16. Nxb6 {[%clk 1:08:27]} Na6
{[%clk 1:07:17]} 17. Rd2 {[%clk 1:03:28]} h5 {[%clk 1:03:06]} 18. h3
{[%clk 1:03:27]} Kh7 {[%clk 0:57:36]} 19. Rad1 {[%clk 1:03:41]} Bh6
{[%clk 0:53:22]} 20. Rd8 {[%clk 1:00:01]} Rxd8 {[%clk 0:50:20]} 21. Rxd8
{[%clk 1:00:24]} Be6 {[%clk 0:50:19]} 22. f4 {[%clk 1:00:46]} a4 {[%clk 0:48:56]}
23. a3 {[%clk 0:59:42]} Bf5 {[%clk 0:47:01]} 24. Kf2 {[%clk 0:56:44]} Bg7
{[%clk 0:43:26]} 25. Nxa4 {[%clk 0:46:08]} Nb4 {[%clk 0:37:57]} 26. Bxc5
{[%clk 0:43:02]} Nd3+ {[%clk 0:34:26]} 27. Rxd3 {[%clk 0:43:17]} Rxa4
{[%clk 0:34:47]} 28. Rd2 {[%clk 0:43:19]} e5 {[%clk 0:26:17]} 29. fxe5
{[%clk 0:41:45]} Rc4 {[%clk 0:20:12]} 30. Bd4 {[%clk 0:42:00]} Rc7
{[%clk 0:19:22]} 31. h4 {[%clk 0:41:34]} Rd7 {[%clk 0:18:19]} 32. Be3 Re7 33. Bf4
{[%clk 0:42:02]} Be6 {[%clk 0:16:17]} 34. Bd5 {[%clk 0:41:33]} Rd7
{[%clk 0:12:18]} 35. Bxe6 {[%clk 0:41:35]} Rxd2+ {[%clk 0:11:46]} 36. Bxd2
{[%clk 0:41:56]} fxe6 {[%clk 0:11:58]} 37. Bf4 {[%clk 0:42:21]} Kg8
{[%clk 0:11:35]} 38. Ke3 {[%clk 0:42:49]} Kf7 {[%clk 0:07:29]} 39. Kd4
{[%clk 0:43:05]} Ke7 {[%clk 0:07:45]} 40. Kc5 {[%clk 0:43:17]} Kd7
{[%clk 0:07:24]} 41. Kb6 {[%clk 0:43:43]} Kc8 {[%clk 0:07:44]} 42. b4
{[%clk 0:43:49]} Bf8 {[%clk 0:07:49]} 43. c4 {[%clk 0:43:32]} Be7
{[%clk 0:08:12]} 44. Bg5 {[%clk 0:43:00]} Bf8 {[%clk 0:08:13]} 45. c5
{[%clk 0:43:13]} Bg7 {[%clk 0:08:27]} 46. Bf4 {[%clk 0:43:25]} Bf8
{[%clk 0:08:24]} 47. c6 {[%clk 0:43:52]} Be7 {[%clk 0:07:58]} 1-0